00323nam a2200121Ia 4500008004100000041000800041082001500049100002100064245004100085260004200126300002400168365000900192240624s9999 xx 000 0 und d aeng a332.63 GOO aGOODMAN LAURIE S aSUBPRIME MORTGAGE CREDIT DERIVATIVES c2008aNew JerseybJohn Wiley and Sons a334 : p. : cm. ; 24 cb30